İstanbul Zeytinburnu Neighbourhoods - Statistics

General Stats
  • This quiz has been taken 10 times
  • The average score is 5 of 13
Answer Stats
Answer % Correct
Kazlıçeşme
89%
Merkezefendi
67%
Maltepe
56%
Sümer
56%
Beştelsiz
44%
Çırpıcı
44%
Nuripaşa
44%
Seyitnizam
33%
Telsiz
33%
Veliefendi
33%
Gökalp
11%
Yenidoğan
11%
Yeşiltepe
11%
No matching quizzes found
Score Distribution
Percent of People with Each Score
Percentile by Number Answered
Your Score History
You have not taken this quiz